Представление документа в формате RUSMARC

ПолеНазваниеЗначение
  Тип записи a
  Библиографический уровень m
001 Контрольный номер a25652e2ba1848478990c52f0418c571
005 Дата корректировки 20140619110139.2
010 Индекс ISBN __
a ISBN 978-5-9916-3366-6
d Цена 498.96
101 Язык документа 0_
a Язык текста rus
102 Страна публикации __
a Страна публикации RU
200 Заглавие и сведения об ответственности 1_
a Заглавие Финансовые и денежно-кредитные методы регулирования экономики. Теория и практика
e Сведения, относящиеся к заглавию учеб. для магистров
b Общее обозначение материала Текст
f Первые сведения об ответственности под ред. М.А.Абрамовой, Л.И.Гончаренко, Е.В.Маркиной
g Последующие сведения об ответственности Фин. ун-т при Правительстве РФ
210 Выходные данные 1_
c Издательство Юрайт
a Место издания Москва
d Дата издания 2014
215 Физическое описание __
a Объем 550, [2] с.
225 Серия 2_
a Серия Магистр
610 Ключевые слова 0_
a Ключевые слова регулирование экономики
610 Ключевые слова 0_
a Ключевые слова финансовое регулирование
610 Ключевые слова 0_
a Ключевые слова денежно-кредитное регулирование
610 Ключевые слова 0_
a Ключевые слова денежное обращение
610 Ключевые слова 0_
a Ключевые слова денежно-кредитная политика
610 Ключевые слова 0_
a Ключевые слова финансовая политика
686 Индексы других классификаций __
a Классификационный индекс 65.9(2)26я73
2 Код системы rubbk
702 Вторичная интеллектуальная ответственность _1
a Фамилия Абрамова
b Имя М.А.
g Полное личное имя Марина Александровна
4 Код отношения 340
702 Вторичная интеллектуальная ответственность _1
a Фамилия Гончаренко
b Имя Л.И.
g Полное личное имя Любовь Ивановна
4 Код отношения 340
702 Вторичная интеллектуальная ответственность _1
a Фамилия Маркина
b Имя Е.В.
g Полное личное имя Елена Валентиновна
4 Код отношения 340
711 Наименование организации. (Альтернативная ответственность) 02
a Организация/ юрисдикция Фин. ун-т при Правительстве РФ
801 Источник записи _0
a Страна RU
b Организация РУК
c Дата составления 20140312
g Правила каталогизации PSBO
801 Источник записи _1
a Страна RU
b Организация РУК
c Дата составления 20140312
g Правила каталогизации PSBO
852 Данные о местонахождении __
i Авторский знак Ф 59
j Шифр хранения ББК 65.9(2)26
901 Тип документа __
t Тип документа m
938 Служебная информация __
a Название организации Головной вуз
b Имя БД BOOK
c Название АИБС АИБС ИРБИС
952 Тип литературы __
b Гриф литературы для ВШ гриф УМО
c Вид литературы учебник